000 00539nam a2200169Ia 4500
008 090711s9999 xx 000 0 und d
082 _b51832
100 _aदाभोलकर नरेंद्र
245 _aभ्रम आणि निरास
260 _c1985
300 _a140
600 _aदाभोलकर नरेंद्र
630 _aभ्रम आणि निरास
700 _aदाभोलकर नरेंद्र
730 _aभ्रम आणि निरास
942 _cBOOK
999 _c296842
_d296842